000 00722nam a2200289Ia 4500
001 2427
003 IT-RoPAU
008 130308s9999 xx 000 0 und d
040 _aIT-RoPAU
040 _cIT-RoPAU
041 _aITALIANO
100 _aOlivier Laurence
100 _gCodice Aut. SPICS: 3086
245 _aNascita dell'Enrico V
245 _bCinema e Teatro
250 _a1a ed.
260 _aROMA
260 _bAteneo
260 _c1957 [1° Ed.:1957 - Ed.Ling.Originale:1949]
300 _a"4 p. (prefazione: no ; testo: 4 [pagine: 283-286])"
650 _aTEORICHE CINEMATOGRAFICHE
650 _eCodice materia Spics: 6805
942 _cBK
957 _71
999 _c52148
_d52148
999 _bSI
999 _g1